La politique de promotion des ventes

में बचाया:
ग्रंथसूची विवरण
मुख्य लेखक: Cohen, M (लेखक)
स्वरूप: पुस्तक
भाषा:फ़्रेंच
प्रकाशित: París Dunod 1969
श्रृंखला:La Vie de l'Entreprise
विषय:
टैग: टैग जोड़ें
कोई टैग नहीं, इस रिकॉर्ड को टैग करने वाले पहले व्यक्ति बनें!

MARC

LEADER 00000nam a2200000 a 4500
001 UCQ1139
003 CL-VaPUC
008 980709e19690000FR |||||||||||||||||fre|d
082 0 4 |a 658.3  |b COH  |2 21 
100 0 |a Cohen, M  |e author  |9 414744 
245 1 3 |a La politique de promotion des ventes 
300 |a 122 p 
942 |c BK 
945 |d 19980709 00:00:00  |a cmena 
260 |a París  |b Dunod  |c 1969 
650 7 |a MARKTING  |2 CL-VaPUC  |9 414745 
650 7 |a ELABORACION DE POLITICAS  |2 CL-VaPUC  |9 335865 
650 0 |a Ventas  |9 259323 
650 0 |a Publicidad  |9 314572 
650 0 |a Comercialización   |9 259326 
583 |a last modification  |c 19980709 00:00:00  |k Rodrigo Vera 
490 0 |a La Vie de l'Entreprise 
999 |c 272143  |d 272141 
952 |0 0  |1 0  |4 0  |6 658_300000000000000_COH_1969  |7 0  |8 P  |9 307012  |a BIBGIM  |b BIBGIM  |d 2019-11-20  |i 1433563  |o 658.3 COH 1969  |p 1433563  |r 2025-01-15  |w 2019-11-20  |y BK  |k COM